[Event "Madurai Athens of the East op-B U1600"]
[Site "Madurai"]
[Date "2023.12.29"]
[Round "8"]
[White "Prawin, K."]
[Black "Abhinav, Anand"]
[Result "1-0"]
[WhiteElo "1558"]
[BlackElo "1394"]
[PlyCount "58"]
[EventDate "2023.12.27"]
[EventType "swiss"]
[EventRounds "9"]
[EventCountry "IND"]
[SourceTitle "CB02_2024"]
[SourceDate "2024.01.10"]
[SourceVersion "1"]
[SourceVersionDate "2024.01.10"]
[SourceQuality "1"]

1. e4 e5 2. Nf3 Nf6 3. Nxe5 d6 4. Nf3 Nxe4 5. Nc3 Nxc3 6. dxc3 Be7 7. h3 Nc6 8. Bd3 Be6 9. Be3 a6 10. Qd2 Qd7 11. Ng5 Bxg5 12. Bxg5 f6 13. Be3 Ne5 14. Qe2 Nxd3+ 15. Qxd3 0-0-0 16. 0-0-0 h6 17. b3 Rhe8 18. c4 Qc6 19. f3 d5 20. c5 Re7 21. Rhe1 Qb5 22. Qxb5 axb5 23. Rd4 Bf7 24. Kd2 b6 25. Rb4 bxc5 26. Bxc5 Rxe1 27. Kxe1 c6 28. a4 Be8 29. a5 Kb7 1-0

[Event "Madurai Athens of the East op-B U1600"]
[Site "Madurai"]
[Date "2023.12.28"]
[Round "5"]
[White "Shanmathi Sree, S."]
[Black "Prawin, K."]
[Result "0-1"]
[WhiteElo "1420"]
[BlackElo "1558"]
[PlyCount "116"]
[EventDate "2023.12.27"]
[EventType "swiss"]
[EventRounds "9"]
[EventCountry "IND"]
[SourceTitle "CB02_2024"]
[SourceDate "2024.01.10"]
[SourceVersion "1"]
[SourceVersionDate "2024.01.10"]
[SourceQuality "1"]

1. e4 d6 2. d4 Nf6 3. Nc3 Nbd7 4. Nf3 e5 5. d5 c6 6. dxc6 bxc6 7. Bd3 d5 8. 0-0 d4 9. Ne2 c5 10. b3 Qc7 11. Ng3 g6 12. Ne1 Bd6 13. Bh6 Bf8 14. Bd2 Bd6 15. Bh6 Bf8 16. Bd2 Bg7 17. f4 exf4 18. Bxf4 Ne5 19. Bb5+ Bd7 20. Nd3 Bxb5 21. Bxe5 Qe7 22. Bxf6 Bxf6 23. Qf3 Bg7 24. Rae1 0-0 25. a4 Ba6 26. Kh1 Rac8 27. Rg1 c4 28. Nf4 cxb3 29. Nd5 Qe5 30. cxb3 h5 31. Nf5 Rce8 32. Nxg7 Kxg7 33. Nf4 Rc8 34. Nd5 Rfe8 35. Nb4 Rc3 36. Qf2 Bb7 37. Rgf1 Re7 38. Nd5 Bxd5 39. exd5 Re3 40. Rd1 d3 41. b4 Qxd5 42. Qf6+ Kh7 43. Rd2 Re2 44. Rxe2 Rxe2 45. Qxf7+ Qxf7 46. Rxf7+ Kg8 47. Rf1 d2 48. Kg1 Re1 49. Kf2 Rxf1+ 50. Kxf1 d1Q+ 51. Kf2 Qxa4 52. h3 Qxb4 53. Kf3 g5 54. g3 Qd4 55. g4 Qd3+ 56. Kf2 h4 57. Ke1 Qc2 58. Kf1 a5 0-1

[Event "IND-ch U15"]
[Site "Tiruchengode"]
[Date "2019.07.09"]
[Round "1"]
[White "Prawin, K."]
[Black "Raja, Rithvik R"]
[Result "0-1"]
[WhiteElo "1443"]
[BlackElo "2357"]
[PlyCount "70"]
[EventDate "2019.07.09"]
[EventType "swiss"]
[EventRounds "11"]
[EventCountry "IND"]
[SourceTitle "EXT 2020"]
[Source "ChessBase"]
[SourceDate "2019.10.17"]
[SourceVersion "1"]
[SourceVersionDate "2019.10.17"]
[SourceQuality "1"]

1. e4 e5 2. Nf3 Nc6 3. Bc4 Bc5 4. c3 Nf6 5. d3 0-0 6. Bg5 h6 7. Bh4 Be7 8. 0-0 d6 9. Nbd2 Nh5 10. Bg3 Nxg3 11. fxg3 Na5 12. d4 exd4 13. cxd4 Nxc4 14. Nxc4 d5 15. Ncd2 dxe4 16. Nxe4 Be6 17. Qe2 c6 18. Nc3 Qb6 19. Rfd1 Rad8 20. Rd2 Rfe8 21. Qf2 Qa5 22. h4 Bd6 23. Re1 Bc4 24. Rc2 Rxe1+ 25. Qxe1 Qf5 26. Rc1 Bc7 27. Na4 Bd5 28. Qf2 Qg4 29. Nc5 Bxg3 30. Qf1 Bxf3 31. Qxf3 Qxd4+ 32. Kf1 Qxb2 33. Nb3 Bxh4 34. g3 Rd6 35. Kg1 Bxg3 0-1